Queens of Scotland (1057-1707) - Statistics

General Stats
  • This quiz has been taken 16 times
  • The average score is 8 of 29
Answer Stats
Ruling spouse Queen % Correct
suo iure Mary Stuart
75%
suo iure Mary Stuart
67%
suo iure Anne Stuart
58%
James VI Anne of Denmark
50%
Charles II Catherine of Braganza
50%
Charles I Henrietta Maria of France
50%
James VII Mary of Modena
50%
James IV Margaret Tudor
42%
James V Marie de Guise
42%
David I Maud of Northumbria
42%
Alexander III Margaret Plantegenet
33%
Macbeth Gruoch of Scotland
25%
Alexander II Joan Plantagenet
25%
David II Joan Plantagenet
25%
James I Joan Beaufort
17%
James V Madeleine of Valois
17%
James II Mary of Guelders
17%
Alexander I Sybilla of Normandy
17%
Robert II Anabella Drummond
8%
Robert Bruce Elizabeth de Burgh
8%
Robert II Euphemia de Ross
8%
David II Margaret Drummond
8%
James III Margaret of Denmark
8%
Malcolm III Margaret of Wessex
8%
Alexander II Marie de Courcy
8%
Alexander III Yolande de Dreux
8%
William I Ermengarde de Beaumont
0%
Duncan II Ethelreda of Northumbria
0%
Malcolm III Ingibiorg Finnsdottir
0%
No matching quizzes found
Score Distribution
Percent of People with Each Score
Percentile by Number Answered
Your Score History
You have not taken this quiz